Delovoje obščenije: predmet i problematika kursa

Tendencia používania ruského jazyka ako jazyka marketingu a trhového jazyka. Vyučovanie predmetu "obchodný styk" na katedre ruského jazyka Ekonomickej univerzity v Bratislave. Obsah predmetu "obchodný styk". Efektívna obchodná komunikácia a etiketa v rozdielnych kultúrach.

Gespeichert in:
Bibliographische Detailangaben
1. Verfasser: Strelková, Katarína
Format: Buchkapitel
Sprache:Russisch
Schlagworte:
Tags: Tag hinzufügen
Keine Tags, Fügen Sie das erste Tag hinzu!

MARC

LEADER 00000naa$a2200000$$$4500
001 0056050
005 20240502083138.4
041 0 |a rus 
044 |a RU 
245 1 0 |a Delovoje obščenije: predmet i problematika kursa  |c Katarína Strelková 
520 |a Tendencia používania ruského jazyka ako jazyka marketingu a trhového jazyka. Vyučovanie predmetu "obchodný styk" na katedre ruského jazyka Ekonomickej univerzity v Bratislave. Obsah predmetu "obchodný styk". Efektívna obchodná komunikácia a etiketa v rozdielnych kultúrach. 
610 2 0 |a vzdelávanie 
610 2 0 |a vyučovanie 
610 2 0 |a univerzity 
610 2 0 |a jazyky cudzie 
610 2 0 |a komunikácia 
610 2 0 |a vzťahy obchodné 
610 2 0 |a partneri obchodní 
610 2 0 |a rokovania obchodné 
610 2 0 |a etiketa 
100 1 |a Strelková, Katarína